[Event "Bunratty Masters 2015"]
[Site "Bunratty IRL"]
[Date "2015.02.20"]
[Round "1.1"]
[White "So, Wesley"]
[Black "Van Der Zwet, Bart"]
[Result "1-0"]
[WhiteTitle "GM"]
[WhiteElo "2788"]
[BlackElo "2118"]
[WhiteFideId "5202213"]
[BlackFideId "1004204"]
[EventDate "2015.02.20"]

1. c4 Nf6 2. Nc3 e6 3. e4 d6 4. d4 Be7 5. Nf3 O-O 6. Bd3 c5 7. dxc5 dxc5 8. e5
Nfd7 9. Qc2 h6 10. Bh7+ Kh8 11. Be4 Nc6 12. Bxc6 bxc6 13. h4 Qc7 14. Bf4 f5 15.
exf6 Qxf4 16. fxe7 Re8 17. Qe4 Qxe4+ 18. Nxe4 Rxe7 19. O-O-O a5 20. Rd6 Ba6 21.
Rhd1 Ra7 22. b3 Rc7 23. h5 Bc8 24. Nh4 Kg8 25. Ng6 Re8 26. f4 e5 27. f5 Kf7 28.
R6d2 1-0

[Event "Bunratty Masters 2015"]
[Site "Bunratty IRL"]
[Date "2015.02.20"]
[Round "1.2"]
[White "O'Connor, Jonathan"]
[Black "Short, Nigel D"]
[Result "0-1"]
[BlackTitle "GM"]
[WhiteElo "2147"]
[BlackElo "2664"]
[WhiteFideId "2501112"]
[BlackFideId "400025"]
[EventDate "2015.02.20"]

1. d4 Nf6 2. c4 e6 3. Nc3 Bb4 4. e3 c5 5. Ne2 d6 6. a3 Ba5 7. Bd2 O-O 8. g3 Nc6
9. Bg2 a6 10. O-O Rb8 11. Qc2 Bd7 12. Rad1 Qe7 13. b3 cxd4 14. exd4 Rfc8 15.
Rfe1 Bb6 16. Qd3 h6 17. b4 Qd8 18. Bf4 e5 19. dxe5 dxe5 20. Bxc6 Bxc6 21. Qxd8+
Rxd8 22. Bxe5 Bxf2+ 23. Kf1 Bxe1 24. Bxb8 Rxb8 25. Kxe1 Ng4 26. h3 Ne3 0-1

[Event "Bunratty Masters 2015"]
[Site "Bunratty IRL"]
[Date "2015.02.20"]
[Round "1.3"]
[White "Jones, Gawain C B"]
[Black "Moynihan, Kieran"]
[Result "1-0"]
[WhiteTitle "GM"]
[WhiteElo "2670"]
[BlackElo "2180"]
[WhiteFideId "409561"]
[BlackFideId "2500663"]
[EventDate "2015.02.20"]

1. d4 d5 2. c4 e6 3. Nc3 Nf6 4. cxd5 exd5 5. Bg5 Be7 6. e3 c6 7. Bd3 Nbd7 8. Qc2
Nh5 9. Bxe7 Qxe7 10. O-O-O Nb6 11. Nf3 Be6 12. Ne5 g6 13. f4 Ng7 14. Rhe1 O-O-O
15. e4 dxe4 16. Bxe4 Qc7 17. Kb1 f6 18. Nd3 Rxd4 19. Nc5 Rxd1+ 20. Rxd1 Bg4 21.
Rc1 a6 22. Qb3 Re8 23. h3 Bf5 24. g4 Be6 25. Qb4 f5 26. Bf3 Bf7 27. Nxb7 Kxb7
28. Na4 Re4 29. Nc5+ Ka7 30. Bxe4 fxe4 31. Qa3 Qc8 32. Nxe4 Bd5 33. Nf6 Qe6 34.
Qf8 Qf7 35. Nxh7 Bxa2+ 36. Ka1 Qxf8 37. Nxf8 Bf7 38. Nxg6 Bxg6 39. Rxc6 Bd3 40.
Rc7+ Kb8 41. Rxg7 Kc8 42. f5 Nd5 43. b3 Kd8 44. h4 Ke8 45. h5 1-0

[Event "Bunratty Masters 2015"]
[Site "Bunratty IRL"]
[Date "2015.02.21"]
[Round "2.1"]
[White "Rendle, Thomas E"]
[Black "So, Wesley"]
[Result "0-1"]
[WhiteTitle "IM"]
[BlackTitle "GM"]
[WhiteElo "2378"]
[BlackElo "2788"]
[WhiteFideId "408760"]
[BlackFideId "5202213"]
[EventDate "2015.02.20"]

1. e4 c5 2. d3 g6 3. f4 Bg7 4. Nf3 Nc6 5. Be2 d6 6. O-O e5 7. c3 Nge7 8. Qe1 O-O
9. Qh4 f6 10. Na3 Be6 11. Be3 exf4 12. Qxf4 Kh8 13. Nc2 b6 14. Qh4 g5 15. Qg3 d5
16. a3 a5 17. Rad1 a4 18. h4 g4 19. h5 gxf3 20. h6 Bxh6 21. Bxh6 Rg8 22. Qxf3
Rg6 23. Qh5 Qd7 24. Qh4 Rag8 25. Rf2 Ne5 26. Rdf1 Bg4 27. Ne3 Bxe2 28. Rxe2 d4
29. cxd4 cxd4 30. Nf5 Nxd3 31. Bd2 Ne5 32. Bf4 Ng4 33. Nxe7 Qxe7 34. e5 d3 35.
Re4 Qb7 36. Qe1 f5 37. Rd4 Ne3 0-1

[Event "Bunratty Masters 2015"]
[Site "Bunratty IRL"]
[Date "2015.02.21"]
[Round "2.2"]
[White "Short, Nigel D"]
[Black "Bates, Richard A"]
[Result "1-0"]
[WhiteTitle "GM"]
[BlackTitle "IM"]
[WhiteElo "2664"]
[BlackElo "2342"]
[WhiteFideId "400025"]
[BlackFideId "403555"]
[EventDate "2015.02.20"]

1. d4 Nf6 2. Nf3 d6 3. Nc3 Bg4 4. e4 e6 5. h3 Bxf3 6. Qxf3 c6 7. Bd3 d5 8. O-O
dxe4 9. Nxe4 Nbd7 10. Ng5 Be7 11. Qe2 O-O 12. Re1 Qb6 13. Be3 c5 14. c3 h6 15.
Nf3 Nd5 16. Rad1 Nxe3 17. fxe3 Rad8 18. Kh1 Bd6 19. Rf1 cxd4 20. exd4 Qa5 21.
Nd2 Bb8 22. Qe4 g6 23. Qxb7 Nc5 24. dxc5 Rxd3 25. Ne4 Rxd1 26. Rxd1 Qxa2 27.
Nf6+ Kg7 28. Nd7 Qa4 29. Rf1 Rd8 30. Nxb8 1-0

[Event "Bunratty Masters 2015"]
[Site "Bunratty IRL"]
[Date "2015.02.21"]
[Round "2.3"]
[White "Heidenfeld, Mark"]
[Black "Jones, Gawain C B"]
[Result "1/2-1/2"]
[WhiteTitle "IM"]
[BlackTitle "GM"]
[WhiteElo "2376"]
[BlackElo "2670"]
[WhiteFideId "2500990"]
[BlackFideId "409561"]
[EventDate "2015.02.20"]

1. e4 c5 2. Nf3 d6 3. d4 cxd4 4. Qxd4 a6 5. c4 Nc6 6. Qd2 Nf6 7. Nc3 g6 8. b3
Bg7 9. Bb2 O-O 10. h3 Qa5 11. Bd3 Re8 12. a3 e6 13. b4 Qd8 14. Be2 b6 15. O-O
Ra7 16. Rad1 Rd7 17. Rfe1 Bb7 18. Bf1 Ne5 19. Nxe5 dxe5 20. Qc1 Ree7 21. f3 Nh5
22. Rxd7 Rxd7 23. Rd1 Rd4 24. Rxd4 exd4 25. Qd2 f5 26. e5 Bxe5 27. Ne2 Qd6 28.
Bxd4 Ng3 29. Be3 Qxd2 30. Bxd2 Nxf1 31. Kxf1 Bc7 32. Kf2 Kf7 33. h4 e5 34. g3
Bc8 35. Be3 Be6 36. c5 bxc5 37. Bxc5 f4 38. Nc3 fxg3+ 39. Kg2 Bd7 40. Ne4 Ke6
41. Kxg3 Bc6 42. Be3 Kf5 43. Ng5 h6 44. Nf7 h5 45. Ng5 e4+ 46. f4 Bd5 47. Nh7
Bd6 48. Ng5 Bb3 49. Bc1 Be7 50. Bb2 e3 51. Kf3 e2 52. Kxe2 Kxf4 53. Nf3 Kg3 54.
Be5+ Kg4 55. Bd4 Bd5 56. Ne5+ Kf5 57. Nf3 Kf4 58. Be3+ Kg4 59. Ne5+ Kf5 60. Nf3
Bd6 61. Bd4 Bg3 62. Bf2 Bc4+ 63. Ke3 Bf4+ 64. Kd4 Be2 65. Ng5 Bd1 66. Kd3 Bc1
67. Ne4 Bxa3 68. Nc3 Bb3 69. b5 axb5 70. Nxb5 Be7 71. Nd4+ Kg4 72. Nxb3 Bxh4 73.
Bxh4 Kxh4 74. Ke2 Kg3 75. Kf1 g5 76. Nd4 h4 77. Nf5+ Kh2 78. Nxh4 1/2-1/2

[Event "Bunratty Masters 2015"]
[Site "Bunratty IRL"]
[Date "2015.02.21"]
[Round "3.1"]
[White "So, Wesley"]
[Black "Norwood, David R"]
[Result "1/2-1/2"]
[WhiteTitle "GM"]
[BlackTitle "GM"]
[WhiteElo "2788"]
[BlackElo "2502"]
[WhiteFideId "5202213"]
[BlackFideId "400106"]
[EventDate "2015.02.20"]

1. c4 g6 2. d4 Bg7 3. e4 d6 4. Nc3 e5 5. d5 f5 6. exf5 gxf5 7. Qh5+ Kf8 8. Qd1
Qe8 9. Nf3 Qg6 10. Be2 Ne7 11. Rg1 Na6 12. h3 e4 13. Nd4 Be5 14. Nb3 h5 15. Kf1
Bd7 16. f4 Bxc3 17. bxc3 b6 18. g3 Kf7 19. Be3 Rag8 20. a4 Nc5 21. Nd4 a6 22. a5
bxa5 23. Nb3 Nxb3 24. Qxb3 h4 25. g4 fxg4 26. Bxg4 Nf5 27. Kf2 Rb8 28. Qc2 a4
29. Qxe4 Rb2+ 30. Kf3 Re8 31. Bxf5 Qxf5 32. Qxf5+ Bxf5 33. Bd4 Be4+ 34. Kg4 Rg8+
35. Kxh4 Rxg1 36. Bxg1 Rb1 37. Rxb1 Bxb1 38. c5 a3 39. c4 a2 40. Bd4 dxc5 41.
Be5 Bd3 42. Kg5 Bxc4 43. f5 Bxd5 44. h4 Kg8 45. Kg6 Bf7+ 46. Kg5 1/2-1/2

[Event "Bunratty Masters 2015"]
[Site "Bunratty IRL"]
[Date "2015.02.21"]
[Round "3.2"]
[White "Wells, Peter K"]
[Black "Short, Nigel D"]
[Result "1-0"]
[WhiteTitle "GM"]
[BlackTitle "GM"]
[WhiteElo "2456"]
[BlackElo "2664"]
[WhiteFideId "400327"]
[BlackFideId "400025"]
[EventDate "2015.02.20"]

1. d4 Nf6 2. c4 e6 3. Nf3 c5 4. d5 d6 5. Nc3 exd5 6. cxd5 g6 7. h3 a6 8. a4 Bg7
9. e4 O-O 10. Bd3 Nh5 11. Bg5 Qc7 12. g4 Nf6 13. Qd2 Re8 14. Kf1 Nbd7 15. Bh6
Bh8 16. Kg2 c4 17. Bc2 Nc5 18. Rhe1 Rb8 19. e5 Bxg4 20. exf6 Bxf3+ 21. Kxf3 Bxf6
22. Kg2 Rec8 23. Bg5 Qd8 24. h4 b5 25. axb5 axb5 26. Ra7 b4 27. Qf4 1-0

[Event "Bunratty Masters 2015"]
[Site "Bunratty IRL"]
[Date "2015.02.21"]
[Round "3.3"]
[White "Hebden, Mark L"]
[Black "Baburin, Alexander"]
[Result "0-1"]
[WhiteTitle "GM"]
[BlackTitle "GM"]
[WhiteElo "2491"]
[BlackElo "2485"]
[WhiteFideId "400084"]
[BlackFideId "2500914"]
[EventDate "2015.02.20"]

1. d4 d5 2. Nf3 Nf6 3. c4 e6 4. Bg5 Nbd7 5. e3 c6 6. Nbd2 Be7 7. Rc1 h6 8. Bf4
O-O 9. Bd3 c5 10. cxd5 Nxd5 11. Bg3 cxd4 12. Nxd4 Nc5 13. Bb1 Bd7 14. O-O Rc8
15. Nc4 Be8 16. Qe2 b5 17. Ne5 Qb6 18. e4 Nc7 19. b4 N5a6 20. Ndc6 Bxb4 21. Nxb4
Nxb4 22. Rfd1 Qb7 23. Qe3 a5 24. Ng4 f6 25. Bxc7 Rxc7 26. Qg3 Nc6 27. Nxh6+ Kh8
28. Qd6 Re7 29. Ng4 e5 30. Ne3 Nd4 31. Nd5 Ref7 32. Nf4 Kg8 33. Rxd4 exd4 34.
Ng6 Qd7 35. Qc5 Qc7 36. Qxc7 Rxc7 37. Rxc7 Bxg6 38. Kf1 Re8 39. f3 f5 40. exf5
Bf7 41. Bd3 b4 42. Rd7 Bxa2 43. Rxd4 Rb8 44. Ke1 a4 45. Kd2 a3 46. Rd7 Bf7 47.
Ra7 Rd8 48. Ke3 a2 49. Bc2 b3 50. Bxb3 Bxb3 51. Ke2 Rd4 0-1

[Event "Bunratty Masters 2015"]
[Site "Bunratty IRL"]
[Date "2015.02.21"]
[Round "4.1"]
[White "Baburin, Alexander"]
[Black "Wells, Peter K"]
[Result "1/2-1/2"]
[WhiteTitle "GM"]
[BlackTitle "GM"]
[WhiteElo "2485"]
[BlackElo "2456"]
[WhiteFideId "2500914"]
[BlackFideId "400327"]
[EventDate "2015.02.20"]

1. d4 Nf6 2. c4 e6 3. Nc3 Bb4 4. e3 O-O 5. Bd3 d5 6. Nf3 c5 7. O-O dxc4 8. Bxc4
cxd4 9. exd4 b6 10. Re1 Bb7 11. Bd3 Nbd7 12. Qe2 Rc8 13. Bd2 Re8 14. Rad1 Bxc3
15. bxc3 Qc7 16. c4 Qd6 17. Bc1 h6 18. h3 Rcd8 19. Qe3 b5 20. cxb5 Qd5 21. Qe2
Rc8 22. Be3 Ne4 23. Rc1 Nc3 24. Qb2 Qxa2 25. Qxa2 Nxa2 26. Rxc8 Rxc8 27. Ne5
Nxe5 28. dxe5 Nb4 29. Bb1 a6 30. bxa6 1/2-1/2

[Event "Bunratty Masters 2015"]
[Site "Bunratty IRL"]
[Date "2015.02.21"]
[Round "4.2"]
[White "Pert, Nicholas"]
[Black "So, Wesley"]
[Result "0-1"]
[WhiteTitle "GM"]
[BlackTitle "GM"]
[WhiteElo "2565"]
[BlackElo "2788"]
[WhiteFideId "403989"]
[BlackFideId "5202213"]
[EventDate "2015.02.20"]

1. d4 Nf6 2. Nf3 g6 3. c4 Bg7 4. g3 c5 5. Bg2 Qa5+ 6. Nc3 Ne4 7. Qd3 cxd4 8.
Nxd4 Nc5 9. Qd1 Nc6 10. e3 Ne6 11. O-O Ncxd4 12. exd4 Bxd4 13. Nd5 Bg7 14. Be3
Qd8 15. Qa4 Nc7 16. Bb6 axb6 17. Nxc7+ Qxc7 18. Qxa8 Bxb2 19. c5 Bxa1 20. cxb6
Qc5 21. Rxa1 O-O 22. a4 Qxb6 23. Rc1 Qa6 24. Qb8 b6 25. h4 d6 26. Bf1 Qb7 27.
Qxb7 Bxb7 28. Rc7 Bd5 29. Rxe7 Rc8 30. Bg2 Bb3 31. Rb7 Bxa4 32. Rxb6 Rc1+ 33.
Kh2 Rd1 34. h5 gxh5 35. Bf3 Rd2 36. Kg2 h4 37. gxh4 Rd4 38. Kg3 Bd7 39. Rb1 Ba4
40. Re1 Bc2 41. Re2 Bf5 42. Re1 Rb4 43. Rd1 Rb6 44. Rc1 Rb3 45. Kf4 Be6 46. Rd1
Rb6 47. Rd4 Kg7 48. Ra4 Kf6 49. Rd4 d5 50. Bg2 Rc6 51. Bf1 Rc1 52. Be2 h6 53.
Ke3 Rc3+ 54. Rd3 Rc4 55. Rd4 Rc3+ 56. Rd3 Rc2 57. Rd4 Ra2 58. Bd3 Ra3 59. Kf4
Rb3 60. f3 Rc3 61. Be2 Rc2 62. Bd1 Rc4 63. Rxc4 dxc4 64. Bc2 c3 65. Ke3 Bf5 66.
Bb3 Ke7 67. Ke2 f6 68. Bc4 Kd6 69. f4 Kc5 70. Bf7 Kd4 0-1

[Event "Bunratty Masters 2015"]
[Site "Bunratty IRL"]
[Date "2015.02.21"]
[Round "4.3"]
[White "Norwood, David R"]
[Black "Jones, Gawain C B"]
[Result "1/2-1/2"]
[WhiteTitle "GM"]
[BlackTitle "GM"]
[WhiteElo "2502"]
[BlackElo "2670"]
[WhiteFideId "400106"]
[BlackFideId "409561"]
[EventDate "2015.02.20"]

1. g3 e5 2. c4 Nc6 3. Bg2 f5 4. Nc3 Nf6 5. d3 Bb4 6. Bd2 O-O 7. e3 f4 8. exf4
exf4 9. Bxf4 d5 10. cxd5 Nxd5 11. Ne2 Bg4 12. Qb3 Be6 13. Qd1 Bg4 14. Qb3 Be6
15. Qd1 Nd4 16. Be5 Nxc3 17. bxc3 Bd5 18. O-O Bxg2 19. Nxd4 Qd5 20. Qg4 Qxe5 21.
Kxg2 Bxc3 22. Qe6+ Qxe6 23. Nxe6 Bxa1 24. Nxf8 Kxf8 25. Rxa1 Rd8 26. Rc1 c6 27.
Rc3 Rd5 28. a4 Ke7 29. f4 Kd6 30. Kf3 Rd4 31. Rb3 b6 32. Ra3 a5 33. Kg4 Kc5 34.
Rc3+ Kd5 35. Ra3 Rb4 36. h4 Rb2 37. h5 c5 38. Kf5 Kd4 39. g4 Rf2 40. Rb3 Rf1 41.
g5 g6+ 42. hxg6 hxg6+ 43. Kxg6 Rxf4 44. Rxb6 Kxd3 45. Rb5 c4 46. Rxa5 c3 47. Rc5
Rc4 48. Rd5+ Ke3 49. Rd1 c2 50. Rc1 Kd2 51. Rxc2+ Rxc2 52. Kf6 Rc6+ 53. Kf7 Kc3
54. g6 Rxg6 55. Kxg6 Kb4 56. Kf5 Kxa4 1/2-1/2

[Event "Bunratty Masters 2015"]
[Site "Bunratty IRL"]
[Date "2015.02.22"]
[Round "5.1"]
[White "So, Wesley"]
[Black "Baburin, Alexander"]
[Result "1-0"]
[WhiteTitle "GM"]
[BlackTitle "GM"]
[WhiteElo "2788"]
[BlackElo "2485"]
[WhiteFideId "5202213"]
[BlackFideId "2500914"]
[EventDate "2015.02.20"]

1. d4 d5 2. c4 e6 3. Nc3 Nf6 4. Nf3 Nbd7 5. e3 Be7 6. b3 O-O 7. Bb2 b6 8. Bd3
Bb7 9. Qc2 c5 10. cxd5 exd5 11. O-O Rc8 12. Rac1 Re8 13. Qe2 Bf8 14. Ba6 Qc7 15.
Rfd1 Qb8 16. Qb5 c4 17. bxc4 dxc4 18. Ba1 Bc6 19. Qf5 Bb7 20. Bb5 g6 21. Qh3 Bc6
22. Bxc6 Rxc6 23. e4 h5 24. e5 Ng4 25. a4 a6 26. Rb1 Rc7 27. Qh4 Rb7 28. h3 Nh6
29. g4 hxg4 30. hxg4 b5 31. Kg2 b4 32. Ne4 c3 33. Rh1 Bg7 34. Nf6+ Nxf6 35. exf6
Bf8 36. g5 Qc8 37. Rbc1 c2 38. Bb2 b3 39. gxh6 Qf5 40. Rce1 1-0

[Event "Bunratty Masters 2015"]
[Site "Bunratty IRL"]
[Date "2015.02.22"]
[Round "5.2"]
[White "Wells, Peter K"]
[Black "Norwood, David R"]
[Result "1/2-1/2"]
[WhiteTitle "GM"]
[BlackTitle "GM"]
[WhiteElo "2456"]
[BlackElo "2502"]
[WhiteFideId "400327"]
[BlackFideId "400106"]
[EventDate "2015.02.20"]

1. d4 g6 2. e4 Bg7 3. Nc3 d6 4. f4 a6 5. Nf3 b5 6. Bd3 Nd7 7. e5 c5 8. Be4 Rb8
9. Be3 b4 10. Ne2 Qc7 11. O-O Nh6 12. h3 O-O 13. Qd2 Nb6 14. b3 Bf5 15. Bxf5
Nxf5 16. dxc5 dxc5 17. Bf2 Rfd8 18. Qc1 Qc6 19. a3 Nd5 20. axb4 Nxb4 21. Ra5 Qe4
22. Rxc5 Rdc8 23. Nc3 Qxc2 24. Qxc2 Nxc2 25. Rc1 Nb4 26. Rxc8+ Rxc8 27. Na2
Rxc1+ 28. Nxc1 f6 29. g4 Nh6 30. Bc5 Nd5 31. exf6 exf6 32. Nd3 Nf7 33. Nd4 Nd8
34. Kf2 f5 35. Kf3 Bxd4 36. Bxd4 Nc6 1/2-1/2

[Event "Bunratty Masters 2015"]
[Site "Bunratty IRL"]
[Date "2015.02.22"]
[Round "5.3"]
[White "L'Ami, Alina"]
[Black "Short, Nigel D"]
[Result "1/2-1/2"]
[WhiteTitle "IM"]
[BlackTitle "GM"]
[WhiteElo "2392"]
[BlackElo "2664"]
[WhiteFideId "1210246"]
[BlackFideId "400025"]
[EventDate "2015.02.20"]

1. d4 e6 2. c4 Bb4+ 3. Bd2 a5 4. Nc3 Nf6 5. e4 d6 6. e5 dxe5 7. dxe5 Bxc3 8.
Bxc3 Qxd1+ 9. Rxd1 Ne4 10. Bd4 b6 11. f4 Bb7 12. Nf3 Nc6 13. Bd3 Nxd4 14. Bxe4
Nxf3+ 15. gxf3 Bxe4 16. fxe4 Ke7 17. Rg1 g6 18. Rg3 Rad8 19. Rgd3 Rxd3 20. Rxd3
Rd8 21. Rxd8 Kxd8 22. Kf2 Ke7 23. Kf3 h6 24. Kg4 a4 25. b3 axb3 26. axb3 c5 27.
h3 Kf8 28. Kh4 Kg8 29. Kg3 Kh8 30. h4 Kh7 31. Kf3 Kg7 32. Kg4 Kf8 33. Kf3 Ke8
34. Kg3 Kd7 35. Kf3 Kd8 36. Kg3 Kc7 37. Kf3 Kc6 38. Ke3 b5 39. Kd3 Kb6 40. Kc2
Ka6 41. Kd3 Kb6 1/2-1/2

[Event "Bunratty Masters 2015"]
[Site "Bunratty IRL"]
[Date "2015.02.22"]
[Round "6.1"]
[White "Wells, Peter K"]
[Black "So, Wesley"]
[Result "1/2-1/2"]
[WhiteTitle "GM"]
[BlackTitle "GM"]
[WhiteElo "2456"]
[BlackElo "2788"]
[WhiteFideId "400327"]
[BlackFideId "5202213"]
[EventDate "2015.02.20"]

1. d4 Nf6 2. Nf3 g6 3. c4 Bg7 4. Nc3 d5 5. cxd5 Nxd5 6. e4 Nxc3 7. bxc3 c5 8.
Rb1 O-O 9. Be2 cxd4 10. cxd4 Qa5+ 11. Bd2 Qxa2 12. O-O Bg4 13. Rxb7 Bxf3 14.
Bxf3 Bxd4 15. Bb4 Rd8 16. Qc1 Na6 17. Bxe7 Rac8 18. Qf4 Nc5 19. Bxd8 Nxb7 20.
Bf6 1/2-1/2

[Event "Bunratty Masters 2015"]
[Site "Bunratty IRL"]
[Date "2015.02.22"]
[Round "6.2"]
[White "Short, Nigel D"]
[Black "Smith, Andrew Philip"]
[Result "1-0"]
[WhiteTitle "GM"]
[BlackTitle "FM"]
[WhiteElo "2664"]
[BlackElo "2150"]
[WhiteFideId "400025"]
[BlackFideId "2500833"]
[EventDate "2015.02.20"]

1. c4 c6 2. Nf3 d6 3. d4 Nd7 4. Nc3 h6 5. g3 e6 6. Bg2 Be7 7. O-O Ngf6 8. e4 O-O
9. b3 b6 10. e5 Ne8 11. exd6 Bxd6 12. Bb2 Bb7 13. Re1 Nef6 14. Ne5 Qc7 15. Qe2
Rad8 16. Rad1 Rfe8 17. f4 Bb4 18. Qf3 Bxc3 19. Bxc3 Ba8 20. Nxc6 Rc8 21. d5 exd5
22. Rxe8+ Rxe8 23. cxd5 Qd6 24. b4 b5 25. Be5 Qf8 26. d6 Nxe5 27. fxe5 Bxc6 28.
Qxc6 Ng4 29. d7 Rd8 30. Qc5 a6 31. h3 1-0